000 00354nam a2200145Ia 4500
008 230917s9999||||xx |||||||||||||| ||und||
040 _e47150
_aMAIN
041 _aEnglish
082 _a822.33 S15P
100 _aShakespeare, William
245 0 _aPericles prince of Tyre
260 _aEngland
_bPenguin Books
_c1976
300 _a207 p.
942 _cBK
999 _c161402
_d161402